000
00303nam a2200121Ia 4500
008
190216s9999||||xx |||||||||||||| ||und||
100
_a
Kakar And Vaswani
245
0
_a
Fundamentals Of Computer Science
260
_b
Himalaya Publishing House
_c
1987
300
_a
323 p
650
_a
Computer
942
_c
BK
999
_c
8539
_d
8539